| 000 | 01014cam a2200301 a 4500 | ||
|---|---|---|---|
| 999 |
_c2940 _d2940 |
||
| 001 | 12216798 | ||
| 003 | GBCCL | ||
| 005 | 20241126110443.0 | ||
| 008 | 001031s2000 mou c 000 1 eng | ||
| 010 | _a 00012227 | ||
| 020 | _a0570070074 | ||
| 040 |
_aDLC _cDLC |
||
| 042 | _alcac | ||
| 050 | 0 | 0 |
_aPZ7.M1905 _bHnk 2000 |
| 082 | 0 | 0 |
_a813.54 _221 _bMAC |
| 100 | 1 |
_aMackall, Dandi Daley. _96130 |
|
| 245 | 1 | 0 |
_aHorse cents / _cDandi Daley Mackall. |
| 260 |
_aSt. Louis, MO : _bConcordia Pub. House, _cc2000. |
||
| 300 |
_a191 p. ; _c17 cm. |
||
| 490 | 1 | _aHorsefeathers | |
| 520 | _aA wayward and difficult horse named Ham threatens the peace at Scoop's horse farm. | ||
| 650 | 1 |
_aHorses _vFiction. _96138 |
|
| 650 | 1 |
_aChristian life _vFiction. _9533 |
|
| 800 | 1 |
_aMackall, Dandi Daley. _tHorsefeathers. _96135 |
|
| 906 |
_a7 _bcbc _corignew _d1 _eecip _f20 _gy-gencatlg |
||
| 942 |
_2ddc _cBK |
||